Vane vítr z hor /

Hlavní autor: Gulbranssen, Trygve, 1894-1962
Další autoři: Liška, Oldřich, 1920-
Jazyk: Čeština
Vydáno: Praha : Československý spisovatel s.r.o., 2016
Vydání: Vydání šesté, v obnoveném Československém spisovateli první
Témata:
Fyzický popis: 214 stran ; 21 cm
Knihy
Uloženo v:
LEADER 01395nam a2200397 i 4500
001 nkc20162798239
003 CZ PrNK
005 20251003125425.0
007 ta
008 160512s2016 xr g 000 f cze
015 |a cnb002798239 
020 |a 978-80-7459-121-1  |q (vázáno) 
035 |a (OCoLC)951554812 
040 |a OLA001  |b cze  |d ABA001  |e rda 
041 1 |a cze  |h nor 
072 7 |a 821.11  |x Germánské literatury  |2 Konspekt  |9 25 
080 |a 821.113.5-31  |2 MRF 
080 |a (0:82-31)  |2 MRF 
100 1 |a Gulbranssen, Trygve,  |d 1894-1962  |7 jn19990002981  |4 aut 
240 1 0 |a Blåser fra Dauingfjell.  |l Česky  |7 aun2016915827 
245 1 0 |a Vane vítr z hor /  |c Trygve Gulbranssen ; přeložil Oldřich Liška 
250 |a Vydání šesté, v obnoveném Československém spisovateli první 
264 1 |a Praha :  |b Československý spisovatel s.r.o.,  |c 2016 
300 |a 214 stran ;  |c 21 cm 
336 |a text  |b txt  |2 rdacontent 
337 |a bez média  |b n  |2 rdamedia 
338 |a svazek  |b nc  |2 rdacarrier 
500 |a Přeloženo z norštiny 
655 7 |a norské romány  |7 fd132917  |2 czenas 
655 9 |a Norwegian fiction  |2 eczenas 
700 1 |a Liška, Oldřich,  |d 1920-  |7 jk01072276  |4 trl 
910 2 |a BOA001  |b 2-1368.620 
990 |a BK 
995 |a 01 
991 |b 201605  |c NOV 
996 6 |b 2610670770  |c 2-1368.620  |l MZK  |r Sklad / do 1 hodiny  |n 0  |p p.v.  |w 001561938  |u 000010  |a 1  |e BOA001  |j MZK50  |s P